Asmira

Bibliographic Details
Main Author: Noora Mohd. Zawi
Format: Book
Published: Kuala Lumpur : DBP , 1992
Series:Novel Remaja
Subjects:

MARC

LEADER 00000cam a2200000 7i4500
001 0000006721
002 000007246
005 20000330.0
020 |a 9836225927 
090 0 0 |a JF   |b NOO 
100 0 |a Noora Mohd. Zawi 
245 1 0 |a Asmira   |c Noora Mohd.Zawi 
260 |a Kuala Lumpur :   |b DBP ,   |c 1992 
300 |a 120p. ;   |c 18cm. 
490 0 |a Novel Remaja 
650 0 0 |a Young adult fiction, Malay 
999 |a 039495   |b BUKU   |c PINJAMAN   |e PERPUSTAKAAN KOMUNITI PETALING JAYA